Los orígenes de la arquitectura moderna y del diseño

Salvato in:
Dettagli Bibliografici
Autore principale: Pevsner, Nikolaus (Autore)
Natura: Libro
Lingua:spagnolo
Pubblicazione: Barcelona Gustavo Gili 1978
Edizione:4a. ed
Serie:Colección Comunicación Visual
Soggetti:
Tags: Aggiungi Tag
Nessun Tag, puoi essere il primo ad aggiungerne!!

MARC

LEADER 00000nam a2200000 a 4500
001 UCT3605
003 CL-VaPUC
008 961024e19780000SP |||||||||||||||||spa|d
082 0 4 |a 724.6  |b PEV  |2 21 
100 0 |a Pevsner, Nikolaus  |e author  |9 372531 
245 1 4 |a Los orígenes de la arquitectura moderna y del diseño 
250 |a 4a. ed 
300 |a 226 p 
942 |c BK 
945 |d 19961024 00:00:00  |a rleighto 
260 |a Barcelona  |b Gustavo Gili  |c 1978 
650 0 |a Arquitectura moderna  |9 265021 
650 7 |a ESTILOS ARQUITECTONICOS  |2 CL-VaPUC  |9 372532 
650 0 |a Diseño arquitectónico   |9 265271 
583 |a last modification  |c 19961024 00:00:00  |k Rodrigo Vera 
490 0 |a Colección Comunicación Visual 
999 |c 253184  |d 253182 
952 |0 0  |1 0  |4 0  |6 724_600000000000000_PEV_1978  |7 0  |8 A  |9 273832  |a BIBARQ  |b BIBARQ  |d 2019-11-19  |i 3238407  |l 3  |o 724.6 PEV 1978  |p 3238407  |r 2025-01-20  |s 2022-09-09  |w 2019-11-19  |y BK  |k ARQ